History of life (Record no. 77453)
[ view plain ]
| 000 -LEADER | |
|---|---|
| fixed length control field | 03079nam a2200349 a 4500 |
| 082 04 - DEWEY DECIMAL CLASSIFICATION NUMBER | |
| Classification number | 560 |
| 100 1# - MAIN ENTRY--AUTHOR NAME | |
| Personal name | Cowen, Richard, |
| 245 10 - TITLE STATEMENT | |
| Title | History of life |
| 250 ## - EDITION STATEMENT | |
| Edition statement | 5th ed. |
| 260 ## - PUBLICATION, DISTRIBUTION, ETC. (IMPRINT) | |
| Place of publication | Hoboken, N.J. : |
| Name of publisher | Wiley-Blackwell, |
| Year of publication | 2013. |
| 300 ## - PHYSICAL DESCRIPTION | |
| Number of Pages | ix, 302 p. |
| 505 8# - FORMATTED CONTENTS NOTE | |
| Formatted contents note | Machine generated contents note: Preface Chapter 1. The Origin Of Life on Earth Chapter 2. Earliest Life on Earth Chapter 3. Sex and Nuclei: Eukaryotes Chapter 4. The Evolution of Metazoans Chapter 5. The Metazoan Radiation Chapter 6. Changing Life in a Changing World Chapter 7. The Early Vertebrates Chapter 8. Leaving the Water Chapter 9. Tetrapods and Amniotes Chapter 10. Early Amniotes and Thermoregulation Chapter 11. The Triassic Takeover Chapter 12. Dinosaurs Chapter 13. The Evolution of Flight Chapter 14. The Modernization of Land and Sea Chapter 15. The Origin of Mammals Chapter 16. The End of the Dinosaurs Chapter 17. Cenozoic Mammals Chapter 18. Geography and Evolution Chapter 19. Primates Chapter 20. Evolving Toward Humans Chapter 21. Life in the Ice Age Index. |
| 520 ## - SUMMARY, ETC. | |
| Summary, etc | "This text is designed for students and anyone else with an interest in the history of life on our planet. The author describes the biological evolution of Earth's organisms, and reconstructs their adaptations to the life they led, and the ecology and environment in which they functioned. On the grand scale, Earth is a constantly changing planet, continually presenting organisms with challenges. Changing geography, climate, atmosphere, oceanic and land environments set a stage in which organisms interact with their environments and one another, with evolutionary change an inevitable result. The organisms themselves in turn can change global environments: oxygen in our atmosphere is all produced by photosynthesis, for example. The interplay between a changing Earth and its evolving organisms is the underlying theme of the book. The book has a dedicated website which explores additional enriching information and discussion, and provides or points to the art for the book and many other images useful for teaching. See: www.wiley.com/go/cowen/historyoflife"-- |
| 650 #0 - SUBJECT ADDED ENTRY--TOPICAL TERM | |
| Topical Term | Paleontology. |
| 856 40 - ELECTRONIC LOCATION AND ACCESS | |
| Uniform Resource Identifier | http://site.ebrary.com/lib/rucke/Doc?id=10657578 |
| 520 ## - SUMMARY, ETC. | |
| -- | Provided by publisher. |
No items available.
